000 00675nam a2200217Ia 4500
001 9421
003 GE_BSU
008 181216s||||||||xx |||||||||||||| ||und||
040 _cGE_BSU
080 _a821.353.1+821.353.1-32
100 _aმიშველაძე,რევაზ
245 _aრჩეული სამ ტომად. ტ.1
245 _bნოველები
245 _cრედ.ეკა ჩიჩუა,მხატვ.სპ.ცინცაძე
260 _aთბილისი
260 _bმერანი
260 _c1991
300 _a655გვ.ფოტო.20სმ.
653 _aნოველები
942 _cBK
999 _c42715
_d42715